Members of the African Union - Statistics

General Stats
  • This quiz has been taken 40 times
  • The average score is 47 of 55
Answers on the Map
Answers color-coded by a green-red scale on the quiz's map according to % correct below.
 
Answer Stats
Country % Correct
Morocco
97%
Sahrawi Arab D.R.
97%
Algeria
93%
Cape Verde
93%
Angola
90%
Egypt
90%
Kenya
90%
Libya
90%
Mali
90%
Mauritania
90%
São Tomé and Príncipe
90%
Senegal
90%
Sudan
90%
Tunisia
90%
Chad
86%
Djibouti
86%
D. R. Congo
86%
Eritrea
86%
Ethiopia
86%
Gambia
86%
Ivory Coast
86%
Madagascar
86%
Niger
86%
Rep. of the Congo
86%
Somalia
86%
South Sudan
86%
Tanzania
86%
Benin
83%
Botswana
83%
Burkina Faso
83%
Burundi
83%
Cameroon
83%
Central African Republic
83%
Comoros
83%
Equatorial Guinea
83%
Eswatini
83%
Gabon
83%
Ghana
83%
Guinea
83%
Guinea-Bissau
83%
Lesotho
83%
Liberia
83%
Malawi
83%
Mauritius
83%
Mozambique
83%
Namibia
83%
Nigeria
83%
Rwanda
83%
Seychelles
83%
Sierra Leone
83%
South Africa
83%
Togo
83%
Uganda
83%
Zambia
83%
Zimbabwe
83%
No matching quizzes found
Score Distribution
Percent of People with Each Score
Percentile by Number Answered
Your Score History
You have not taken this quiz